EXTREM! Alle Spieler der Iserlohn Roosters - Statistiken

Allgemein
  • Dieses Quiz wurde 87 mal gespielt
    4 seit der letzten Aktualisierung
  • Das Durchschnittsergebnis liegt bei 137 aus 356
Antwortstatistiken
Zeitspanne Spiele Nationalität Spieler % Korrekt
2019-2020 9 GER Alexander Blank
100%
2019-20202020-2021 67 CAN Alexandre Grenier
100%
seit 2019 252+ GER Andreas Jenike
100%
2018-20192025-2026 83 CAN Anthony Camara
100%
2014-2018 194 GER/KAZ Boris Blank
100%
2020-2023 140 USA Casey Bailey
100%
2013-20142014-2016 110 USA Chris Connolly
100%
2000-20042008-2014 457 GER Christian Hommel
100%
2016-2019 137 GER Christopher Fischer
100%
seit 2022 203+ GER Colin Ugbekile
100%
2013-2016 135 CAN Colten Teubert
100%
2024-2026 61 GER/CAN Colton Jobke
100%
seit 2024 44+ GER Daniel Geiger
100%
seit 2025 52+ GER Daniel Neumann
100%
2009-2021 410 GER Dieter Orendorz
100%
2025-2026 52 NOR Eirik Salsten
100%
2023-2024 1 GER Finn Becker
100%
2003-2005 104 GER Franz Fritzmeier
100%
2025-2026 47 SWE Henrik Törnqvist
100%
2021-2025 178 CAN Hubert Labrie
100%
2015-2018 149 CAN Jason Jaspers
100%
2020-2022 87 USA Joe Whitney
100%
2024-2026 76 GER Johannes Huß
100%
2019-2023 5 GER Jonas Neffin
100%
seit 2025 49+ GER Julian Napravnik
100%
seit 2025 45+ CAN Kyle Wood
100%
2018-20192022 76 GER Lean Bergmann
100%
2015-20172017-2019 152 CAN Louie Caporusso
100%
seit 2025 44+ GER/SUI Lua Niehus
100%
2013-2019 167 AUT/GER Mathias Lange
100%
2025-2026 39 DEN Matias Lassen
100%
2005-2014 459 GER Michael Wolf
100%
2004-20052011-2016 287 USA Mike York
100%
2024-2026 73 GER Noel Saffran
100%
2006-2013 368 GER/CZE Robert Hock
100%
seit 2025 51+ SWE Robin Norell
100%
2024-2025 47 GER/CZE Stanislav Dietz
100%
2021 11 USA Steven Whitney
100%
2020-20222023-2026 224 GER Taro Jentzsch
100%
2022-2024 102 GER Tim Bender
100%
seit 2023 148+ CAN Tyler Boland
100%
2000-2001 1 GER Alexander Baum
67%
2018-2019 23 GER Alexander Dotzler
67%
2019-2020 28 CAN Anthony Peters
67%
seit 2025 6+ GER/HUN Bence Farkas
67%
2023-2024 45 CAN Ben Thomas
67%
2016-2017 30 CAN Blair Jones
67%
2007-2009 66 CAN Brad Tapper
67%
2023-20242024-2025 69 CAN Brandon Gormley
67%
2024-2025 26 CAN Brayden Burke
67%
2013-2016 154 CAN/GER Brooks Macek
67%
2023-2024 52 GER Cedric Schiemenz
67%
2014-2018 188 CAN Chad Bassen
67%
2023-2024 51 GER Charlie Jahnke
67%
2007-2009 100 CAN/GER Chris Schmidt
67%
seit 2025 65+ CAN Christian Thomas
67%
2000-20022004-2015 567 GER Collin Danielsmeier
67%
2025-2026 49 GER Daniel Fischbuch
67%
2015-2019 123 GER Denis Shevyrin
67%
2013-2014 4 GER/NED Diego Hofland
67%
2001-2007 181 GER/RUS Dimitrij Kotschnew
67%
2014-2017 112 CAN/GER Dylan Wruck
67%
2018-2019 52 CAN Dylan Yeo
67%
2021-2026 262 CAN Eric Cornel
67%
2019-2023 147 GER Erik Buschmann
67%
2021-2023 98 GER/RUS Eugen Alanov
67%
seit 2025 31+ GER/LAT Gordejs Radionovs
67%
2021-2023 33 GER Hannibal Weitzmann
67%
2016-2017 41 FIN Hannu Pikkarainen
67%
seit 2024 36+ GER Hendrik Hane
67%
2017-2018 52 USA Jack Combs
67%
2024-2025 46 CAN/FIN Jake Virtanen
67%
seit 2025 37+ GER/POL Jakub Borzecki
67%
2020-2021 5 SUI Janick Schwendener
67%
2006-2011 236 CAN Jimmy Roy
67%
2017-2018 52 SWE Johannes Salmonsson
67%
2022-2023 55 LAT Kaspars Daugavins
67%
2023-2024 11 GER Kevin Reich
67%
2017-2019 90 CAN/GER Kevin Schmidt
67%
2022-20232024-2025 45 GER Lennard Nieleck
67%
2022-2025 147 GER/POL Maciej Rutkowski
67%
2025-2026 41 CAN Macoy Erkamps
67%
2009-2010 51 DEN Mads Christensen
67%
2024-2026 46 GER Manuel Alberg
67%
2024-2025 1 GER Marian Bauer
67%
2014-2021 288 GER Marko Friedrich
67%
2007-2008 1 GER Martin Hoffmann
67%
2006-20082021-2022 110 GER Martin Schymainski
67%
2008-2010 107 CAN Marty Wilford
67%
seit 2025 19+ GER/SWE Maximilian Eisenmenger
67%
2023-2025 97 CAN Michael Dal Colle
67%
2004-2005 49 CAN Mike Martin
67%
2014-2016 99 CAN Nick Petersen
67%
2018 23 FIN Niko Hovinen
67%
2020-20232025-2026 36 GER Nils Elten
67%
2007-2009 83 CAN Norm Maracle
67%
2016-2017 27 GER/POL Noureddine Bettahar
67%
2017-2018 40 SWE Oscar Eklund
67%
2006-2009 155 CAN Paul Traynor
67%
2020-2022 74 GER Philip Riefers
67%
2022 10 LAT Ralfs Freibergs
67%
2019-2023 173 CAN Ryan O'Connor
67%
2017-2019 61 DEN Sebastian Dahm
67%
2005-2010 209 GER Sebastian Jones
67%
2011-2013 100 CAN Sébastien Caron
67%
2021-2025 211 GER Sven Ziegler
67%
2020-2023 133 GER Torsten Ankert
67%
2022-2023 17 GER Valentin Busch
67%
2020-20212022-2023 55 GER Yannick Proske
67%
2024-2025 48 USA Zach Osburn
67%
2009-2011 72 CAN Adrian Veideman
33%
2017-2018 40 NOR Alexander Bonsaksen
33%
2007-2009 107 GER/KAZ Alexander Dück
33%
2000-2002 61 USA/UKR Alexander Kuzminski
33%
2005-20072018-2020 205 GER/BEL Alexej Dmitriev
33%
2013-2015 102 USA Alex Foster
33%
2019-2020 50 CAN/ITA Alex Petan
33%
2000-2002 114 GER/POL Andreas Pokorny
33%
2002-2003 52 SVK Andrej Podkonicky
33%
2009-2010 50 USA Andy Schneider
33%
2023-2024 49 HUN Balasz Sebök
33%
2013-20142015-2016 2019-2021 188 CAN/GER Bobby Raymond
33%
2005-2007 80 CAN Brad Purdie
33%
2024-2025 29 CAN Branden Troock
33%
2007-2008 43 USA Brendan Buckley
33%
2020-2022 73 CAN Brent Aubin
33%
2013-20152020-2023 233 CAN/GER Brent Raedeke
33%
2019 23 CAN Brett Findlay
33%
2004-2005 49 CAN Brett Lysak
33%
2004-2005 52 USA Brian White
33%
2014-2016 88 CAN Brodie Dupont
33%
2003-2006 131 CAN Bryan Adams
33%
2000-2001 60 SWE Calle Carlsson
33%
2010-2011 46 CAN Cam Paddock
33%
2017-2018 37 USA Chad Costello
33%
2002-2004 102 USA/ITA Chris Bartolone
33%
2022-2023 28 CAN Chris Bigras
33%
2017-20182022-2023 99 USA Chris Brown
33%
2003-2004 39 GER Chris Straube
33%
2000-2004 215 GER Christian Franz
33%
2006-2007 1 GER Christian Wichert
33%
2015-2016 56 CAN Cody Sylvester
33%
2010-2011 43 GER Daniel Oppolzer
33%
2009-2010 55 CAN/GER Daniel Sparre
33%
2009-2011 62 GER Danny aus den Birken
33%
2011-2012 52 USA/ITA Dave Spina
33%
2003-2004 47 CAN David Cooper
33%
2000-2002 76 GER David Musial
33%
2006-2009 106 GER David Sulkovsky
33%
2003-2004 27 CAN Dean Melanson
33%
2001-2003 109 CAN Doug Ast
33%
2000-2001 40 CAN Duane Derksen
33%
2013-2014 49 GER/CZE Dusan Frosch
33%
2023-2025 85 GER Emil Quaas
33%
2003-2007 186 GER Erich Goldmann
33%
2013-2014 24 SWE Erik Ersberg
33%
2018-2019 49 USA Evan Trupp
33%
2023-2024 41 GER Florian Elias
33%
2021 22 CAN Griffin Reinhart
33%
2007-2009 87 GER Henry Martens
33%
2003-2004 13 CAN Ian McIntyre
33%
2002-20032004-2005 67 GER/RUS Igor Alexandrov
33%
2017-2021 175 CAN Jake Weidner
33%
2003-2004 50 CAN James Black
33%
2011-2012 51 CAN Jassen Cullimore
33%
2015-2016 49 CAN Jean-Philippe Côté
33%
2011-2012 51 CAN Jeff Cowan
33%
2002-2003 35 USA Jeff Dessner
33%
2009-2015 245 USA Jeff Giuliano
33%
2006-2007 50 SWE Jens Karlsson
33%
2006-2007 50 CAN Jeremy Adduono
33%
2002-2003 52 CAN Jimmy Waite
33%
2016-2018 96 SWE Johan Larsson
33%
2021-2025 191 GER John Broda
33%
2009-2010 1 GER Jonas Langmann
33%
2014-2015 52 SWE Jonas Liwing
33%
2009-2011 95 USA Jon Insana
33%
2018-2019 52 CAN Jon Matsumoto
33%
2002-2003 51 SWE Jörgen Eriksson
33%
2017-2019 103 USA Justin Florek
33%
2002-2003 50 USA Justin Harney
33%
2018-2019 51 CAN Keaton Ellerby
33%
2001-2002 12 FIN Kimmo Kapanen
33%
2005-2007 98 CAN Kirk Furey
33%
2009-2011 92 CAN/GER Kris Sparre
33%
2005-2006 32 SVK Ladislav Karabin
33%
2000-2002 118 GER Lars Müller
33%
2002-20032010-2014 237 GER Lasse Kopitz
33%
2004-2007 129 GER Leonardo Conti
33%
2024-2025 4 GER Leon Bußmann
33%
2023-2024 11 GER Leonhard Korus
33%
2005-2006 41 SWE Linus Fagemo
33%
2021-2022 43 CAN Luke Adam
33%
2007 5 CAN Luke Sellars
33%
2010-2011 40 CAN Manny Legace
33%
2023 12 GER/CZE Marcel Barinka
33%
2012-2018 90 GER Marcel Kahle
33%
2008-2013 242 CAN Mark Ardelan
33%
2012-2013 43 CAN Mark Bell
33%
2004-2005 58 GER Mark Etz
33%
2005-2007 86 CAN Mark Greig
33%
2005-2006 50 GER Markus Pöttinger
33%
2007-2008 4 GER Marlon Czernohous
33%
2004-2007 100 NOR Martin Knold
33%
2012-2013 50 GER Marvin Tepper
33%
2005-2006 52 NOR Mats Trygg
33%
2016-2017 23 CAN Matt Halischuk
33%
2003-2004 51 USA Matt Henderson
33%
2005-2008 111 GER Matthias Potthoff
33%
2003-2006 122 CAN Matt Higgins
33%
2024-2025 8 GER Maximilian Brunner
33%
2019-2020 52 CAN Mike Halmo
33%
2019-2020 33 USA Mike Hoeffel
33%
2012-2013 9 GER Mike Ortwein
33%
2023-2024 37 USA/CAN Mitch Eliot
33%
2024 8 CAN Nick Ritchie
33%
2006-2008 58 GER Nico Pyka
33%
2005-2006 43 GER Nils Antons
33%
2004-2007 36 GER Nils Sondermann
33%
2001-2005 197 GER Oliver Bernhardt
33%
2007-20082010-2011 106 CAN Pat Kavanagh
33%
2001-2002 56 CAN Paul Dyck
33%
2000-2001 30 USA Peter Roed
33%
2002-2003 50 GER/CZE Petr Fical
33%
2006-2007 7 CZE Petr Franek
33%
2000-2001 28 CZE Radek Toth
33%
2004-2006 103 CAN Ralph Intranuovo
33%
2013-2015 89 CZE Richard Jares
33%
2001-20022006 30 CAN Rich Parent
33%
2001-2005 213 GER Roland Verwey
33%
2014-2017 150 CAN Ryan Button
33%
2020-2021 17 CAN Ryan Johnston
33%
2006-2010 202 CAN Ryan Ready
33%
2017-2019 87 GER/CRO Sasa Martinovic
33%
2007-20082011-2012 71 CAN Sean Blanchard
33%
2001-2002 60 CAN Sean Tallaire
33%
2007-2010 46 GER/AUT Sebastian Stefaniszin
33%
2022-2023 35 GER/CAN Sebastian Streu
33%
2021-2023 88 USA/CAN Sena Acolatse
33%
2024-2025 51 USA Shane Gersich
33%
2000-2001 56 CAN Shawn Anderson
33%
2012-2013 8 USA Shawn Hunwick
33%
2012-2014 98 GER Simon Fischhaber
33%
2010 2 GER/CRO Sinisa Martinovic
33%
2008-2012 200 GER/AUT Stefan Langwieder
33%
2000-2001 49 CAN Steve Potvin
33%
2004-2005 52 GER Sven Gerbig
33%
2001-2002 58 CAN Terry Hollinger
33%
2014-2015 1 GER Thomas Ower
33%
2019-2021 67 GER Tim Fleischer
33%
2019-2020 21 GER Tobias Schmitz
33%
2010-2013 152 GER Tobias Wörle
33%
2000-2002 120 GER/CZE Tomas Martinec
33%
2021-2022 51 CAN Travis Ewanyk
33%
2017-2019 93 USA Travis Turnbull
33%
2007-2009 92 CAN Tyler Beechey
33%
2013-2014 48 GER/CAN Tyson Mulock
33%
2000-2001 55 FIN Vesa Ponto
33%
2005-2006 52 GER/KAZ Vitalij Aab
33%
2015-2016 24 CAN Zach Hamill
33%
2021-2022 32 USA Alec McCrea
0%
2023 16 FRA Anthony Rech
0%
2016 9 CAN Ashton Rome
0%
2008-2009 51 USA Ben Simon
0%
2016-2018 97 CAN Blaine Down
0%
2007-2009 91 CAN Bob Wren
0%
2015-2017 74 CAN Brad Ross
0%
2006-2007 52 CAN Brad Tiley
0%
2012-2013 51 USA Brandon Rogers
0%
2012-2013 20 CAN/UK Brendan Brooks
0%
2011-2012 25 CAN Brett Skinner
0%
2009-2010 54 USA Brian Swanson
0%
2019-2021 71 CAN Brody Sutter
0%
2005-2006 27 CAN Bruce Richardson
0%
2002-2003 30 GER Carsten Gosdeck
0%
2015-2017 52 CAN Chet Pickard
0%
2002-2003 51 CAN Chris Lipsett
0%
2019-2020 39 USA Chris Rumble
0%
2001-2002 5 GER/CAN Christian Bronsard
0%
2008-2009 10 GER Christian Gose
0%
2000-2003 171 CAN Colin Beardsmore
0%
2012-2013 45 USA Colin Stuart
0%
2011-2012 52 CAN Colton Fretter
0%
2001-2002 58 USA Cory Laylin
0%
2018-2020 66 CAN Daine Todd
0%
2014-2015 8 GER Daniar Dshunussow
0%
2003-2005 66 GER Daniel Hatterscheid
0%
2019-2020 40 GER Daniel Weiß
0%
2016-2017 50 CAN Dave Dziurzynski
0%
2011-2013 86 USA Derek Peltier
0%
2014-2015 35 USA Derek Whitmore
0%
2023-2024 50 USA Drew LeBlanc
0%
2012-2013 2 GER Dustin Demuth
0%
2022-2023 40 CAN Emile Poirier
0%
2004-2005 6 GER Florian Lotte
0%
2008-2009 24 CAN/GER Greg Classen
0%
2016-2017 45 USA Greg Rallo
0%
2000-2002 115 CAN Guy Dupuis
0%
2013-2014 2 GER Henning Schroth
0%
2023-2024 28 CAN Hunter Shinkaruk
0%
2019-2020 24 CAN Jamie MacQueen
0%
2019-2020 16 GER Janik Möser
0%
2009-2010 12 GER Jan Taube
0%
2002-2004 75 CAN Jason Cipolla
0%
2013 14 CAN Jason Lepine
0%
2019-2021 76 GER Jens Baxmann
0%
2020-2021 28 CAN Joel Lowry
0%
2001-2002 43 SWE Johan Lindström
0%
2004-2005 17 USA John-Michael Liles
0%
2018-2019 35 USA Jordan Smotherman
0%
2018-2021 124 GER Julian Lautenschlager
0%
2014-2016 103 CAN/GER Kevin Lavallée
0%
2004-2005 50 USA Kevin Mitchell
0%
2021-2023 43 CAN Kris Foucault
0%
2002-2004 81 GER Lars Brüggemann
0%
2000-2001 60 LAT Leonids Tambijevs
0%
2022-2023 2 GER Lukas Jung
0%
2000-2002 77 GER Manuel Kofler
0%
2007-2008 2 GER/CAN Marcel Juhasz
0%
2002-2003 46 GER Markus Draxler
0%
2013-2014 50 USA Marty Sertich
0%
2012-2013 48 USA Matt Tomassoni
0%
2021-2024 48 GER Maxim Rausch
0%
2018-2020 73 CAN Michael Clarke
0%
2010-2012 75 GER Michael Hackert
0%
2015-2017 86 CAN Michel Periard
0%
2013-2014 51 USA Mike Brennan
0%
2003-2004 34 CAN Mike Fountain
0%
2005 13 CAN Mike Kennedy
0%
2019-2021 55 GER/CAN Neal Samanski
0%
2021-2022 49 USA Nick Schilkey
0%
2000-2001 25 GER Patrick Heinz
0%
2006-2007 6 GER Pierre Kracht
0%
2010-2011 51 CAN Prestin Ryan
0%
2009-2010 53 CAN Quinn Hancock
0%
2004-2005 52 CAN Rhett Gordon
0%
2006-2007 50 CAN Richard Rochefort
0%
2003-2004 52 CAN Robby Sandrock
0%
2001-2002 59 USA Rusty Fitzgerald
0%
2002-2004 103 CAN Scott King
0%
2014-2015 44 USA Sean Sullivan
0%
2010-2011 52 CAN Shane Joseph
0%
2021-2022 36 GER Simon Sezemsky
0%
2008-2012 201 GER Steven Rupprich
0%
2001-2003 89 CAN Steve Washburn
0%
2000-2001 43 USA Teal Fowler
0%
2012 3 FIN Tero Leinonen
0%
2000-2001 58 CAN Terry Campbell
0%
2013-2014 48 GER Thomas Gödtel
0%
2011-2013 66 GER Thomas Holzmann
0%
2010-2013 8 GER Tim Siekmann
0%
2004-2006 82 GER Tobias Schwab
0%
2018-2019 20 GER Tom-Eric Bappert
0%
2011-2012 35 GER Toni Ritter
0%
2000-2002 99 GER Torsten Fendt
0%
2016-2017 52 USA Troy Milam
0%
Keine übereinstimmenden Quizze gefunden
Verteilung der Resultate
Anzahl Personen mit jedem Resultat
Perzentil nach korrekt beantworteten Fragen
Ihre Resultats-Entwicklung
Sie haben dieses Quiz seit der letzten Aktualisierung nicht gespielt